000 00533nam a2200181Ia 4500
008 090124s9999 xx 000 0 und d
082 _b104646
100 _aनवरे नि. शं.
245 _a मराठी मेघदूत कथा
250 _a2
260 _c1954
300 _a64
600 _aनवरे नि. शं.
630 _a मराठी मेघदूत कथा
700 _aनवरे नि. शं.
730 _a मराठी मेघदूत कथा
942 _cBOOK
999 _c150738
_d150738